00786nam a2200241Ia 450000100060000000300090000600800410001504000130005604000130006904100130008210000210009510000290011624500720014524500270021725000110024426000100025526000280026526000490029330000570034250000790039965000350047865000310051325337IT-RoPAU130308s9999 xx 000 0 und d aIT-RoPAU cIT-RoPAU aFRANCESE aRichard Philippe gCodice Aut. SPICS: 11882 aProblemes lies a l'explicitation des processus d'analyse de l'image bImage et Signification a1a ed. aPARIS bDocumentation Francaise c1983 [1° Ed.:1983 - Ed.Ling.Originale:1983] a"14 p. (prefazione: no ; testo: 14 [pagine: 73-86])" aProblemi connessi All'Esplicitazione dei Processi di Analisi dell'Immagine aTEORIA/LINGUAGGI DI ICONOLOGIA eCodice materia Spics: 5153